000
00313nam a22001097a 4500
082
_a
323.0951
245
_a
Progress in China's human rights cause (Handbook)+ CD
_c
Wang Chen
260
_a
China
_b
China Intercontinental press
300
_a
111p
942
_2
ddc
_c
BK
999
_c
586581
_d
586581